Sports Quiz

Random Sports or NCAA Quiz

Most Claimed Football National Championships Quiz Stats

 Plays Quiz not verified by Sporcle

Challenge
Share
Tweet
Embed
Score 0/20 Timer 10:00
0 Plays Today
Claimed National Titles School % Correct
15Alabama
96.1%
11Notre Dame
90.3%
11USC
89.3%
11Michigan
83.5%
26Yale
80.6%
7Harvard
80.6%
7Oklahoma
79.6%
5Miami
76.7%
7Ohio State
71.8%
7Pennsylvania
70.9%
Claimed National Titles School % Correct
28Princeton
68%
5Nebraska
68%
5Georgia
66%
6Tennessee
62.1%
9Pittsburgh
50.5%
7Minnesota
47.6%
5Cornell
46.6%
6Michigan State
45.6%
5Illinois
34%
5California
33%

You're not logged in!

Compare scores with friends on all Sporcle quizzes.
OR
Log In

You Might Also Like...

Show Comments

Extras

Created Jan 24, 2014ReportNominate
Tags:NCAA Quiz, NCAA Football

Top Quizzes Today


Score Distribution

Your Account Isn't Verified!

In order to create a playlist on Sporcle, you need to verify the email address you used during registration. Go to your Sporcle Settings to finish the process.

Report this User

Report this user for behavior that violates our Community Guidelines.

Details: